| 000 -CABECERA |
| Longitud fija campo de control |
00482nam a2200157 a 4500 |
| 001 - NÚMERO DE CONTROL |
| Número de control |
428 |
| 003 - IDENTIFICADOR DEL NÚMERO DE CONTROL |
| Identificador del número de control |
CDMR |
| 005 - FECHA Y HORA DE LA ÚLTIMA TRANSACCIÓN |
| Fecha y hora de la última transacción |
20151016131802.0 |
| 008 - CÓDIGOS DE INFORMACIÓN DE LONGITUD FIJA |
| Códigos de información de longitud fija |
130130s ||||||||||||||||||||||||||||d |
| 040 ## - FUENTE DE LA CATALOGACIÓN |
| Centro catalogador de origen |
CDMR |
| Lengua de catalogación |
cat |
| Centro transcriptor |
CDMR |
| 110 2# - PUNTO DE ACCESO PRINCIPAL-NOMBRE DE ENTIDAD CORPORATIVA |
| 9 (RLIN) |
302 |
| Nombre de entidad corporativa o nombre de jurisdicción como elemento inicial |
Fundació Centre Internacional de Premsa de Barcelona |
| 245 10 - MENCIÓN DE TÍTULO |
| Título |
Què és el CIPB? |
| Mención de responsabilidad, etc. |
Centre Internacional de Premsa de Barcelona |
| 260 ## - PUBLICACIÓN, DISTRIBUCIÓN, ETC. (PIE DE IMPRENTA) |
| Lugar de publicación, distribución, etc. |
Barcelona |
| Nombre del editor, distribuidor, etc. |
Centre Internacional de Premsa de Barcelona |
| Fecha de publicación, distribución, etc. |
[s.d.] |
| 300 ## - DESCRIPCIÓN FÍSICA |
| Extensión |
[8] p. |
| 942 ## - ENTRADA DE ELEMENTOS AGREGADOS (KOHA) |
| Koha [por defecto] tipo de item |
Fullets |
| Fuente de clasificaión o esquema |
|